Overcome Stress / (Record no. 594302)

000 -LEADER
fixed length control field 00460nam a22001817a 4500
003 - CONTROL NUMBER IDENTIFIER
control field NUST
005 - DATE AND TIME OF LATEST TRANSACTION
control field 20240130081435.0
008 - FIXED-LENGTH DATA ELEMENTS--GENERAL INFORMATION
fixed length control field 230327b ||||| |||| 00| 0 eng d
020 ## - INTERNATIONAL STANDARD BOOK NUMBER
International Standard Book Number 9788172453213
040 ## - CATALOGING SOURCE
Original cataloging agency 0
082 ## - DEWEY DECIMAL CLASSIFICATION NUMBER
Classification number 616.89,BHA
100 ## - MAIN ENTRY--PERSONAL NAME
Personal name Bhardwaj, Ashwani
9 (RLIN) 111409
245 ## - TITLE STATEMENT
Title Overcome Stress /
Statement of responsibility, etc. Dr. Ashwani Bhardwaj
260 ## - PUBLICATION, DISTRIBUTION, ETC.
Place of publication, distribution, etc. New Delhi
Name of publisher, distributor, etc. Goodwill Publishing House
300 ## - PHYSICAL DESCRIPTION
Extent 425 p
650 ## - SUBJECT ADDED ENTRY--TOPICAL TERM
Topical term or geographic name entry element Stress
9 (RLIN) 120156
942 ## - ADDED ENTRY ELEMENTS (KOHA)
Source of classification or shelving scheme
Koha item type Book
Holdings
Withdrawn status Lost status Source of classification or shelving scheme Damaged status Not for loan Permanent Location Current Location Shelving location Date acquired Full call number Barcode Date last seen Price effective from Koha item type Public note
          Military College of Signals (MCS) Military College of Signals (MCS) General Stacks 03/27/2023 616.89,BHA MCS37792 03/27/2023 03/27/2023 Book Almirah No.26, Shelf No.4
© 2023 Central Library, National University of Sciences and Technology. All Rights Reserved.